<?xml version="1.0" encoding="UTF-8"?>
<record
    xmlns:xsi="http://www.w3.org/2001/XMLSchema-instance"
    xsi:schemaLocation="http://www.loc.gov/MARC21/slim http://www.loc.gov/standards/marcxml/schema/MARC21slim.xsd"
    xmlns="http://www.loc.gov/MARC21/slim">

  <leader>01945nam a22002057a 4500</leader>
  <controlfield tag="003">IT-MiCISF</controlfield>
  <controlfield tag="005">20251027101321.0</controlfield>
  <controlfield tag="008">201001b           ||||| |||| 00| 0 eng d</controlfield>
  <datafield tag="040" ind1=" " ind2=" ">
    <subfield code="c">IT-MiCISF</subfield>
  </datafield>
  <datafield tag="041" ind1=" " ind2=" ">
    <subfield code="a">it</subfield>
  </datafield>
  <datafield tag="100" ind1=" " ind2=" ">
    <subfield code="a">Brusco Angelo</subfield>
    <subfield code="9">58548</subfield>
  </datafield>
  <datafield tag="245" ind1=" " ind2=" ">
    <subfield code="a">Counseling pastorale.</subfield>
    <subfield code="b">Prospettive e applicazioni pratiche</subfield>
  </datafield>
  <datafield tag="260" ind1=" " ind2=" ">
    <subfield code="a">San Pietro in Cariano (VR),</subfield>
    <subfield code="c">2020,</subfield>
    <subfield code="b">Gabrielli Editori</subfield>
  </datafield>
  <datafield tag="300" ind1=" " ind2=" ">
    <subfield code="a">pp. 222</subfield>
  </datafield>
  <datafield tag="500" ind1=" " ind2=" ">
    <subfield code="a">consulenza, pastorale, psicologia, teologia, comunicazione, progetto, esperienze</subfield>
  </datafield>
  <datafield tag="520" ind1=" " ind2=" ">
    <subfield code="a">Come vivere? Come vivere una vita pi&#xF9; felice, pi&#xF9; sensata, pi&#xF9; libera? Questi e altri simili interrogativi sorgono spesso nelle persone, soprattutto nei momenti di difficolt&#xE0; o di crisi riguardanti i vari settori dell&#x2019;esistere &#x2013; da quello fisico a quello emotivo, da quello sociale a quello spirituale &#x2013; motivandole a chiedere aiuto. Il counseling pastorale &#xE8; una delle modalit&#xE0; di risposta a tali richieste di aiuto che emergono nell&#x2019;ambito della famiglia, del lavoro, delle istituzioni educative sanitarie, della comunit&#xE0; ecclesiale. Del counseling pastorale il presente volume offre una rapida presentazione, illustrandone le origini, l&#x2019;identit&#xE0;, il processo nelle sue varie fasi, tenendo conto delle trasformazioni socio-culturali e religiose che hanno avuto luogo nell&#x2019;et&#xE0; contemporanea e dell&#x2019;affermarsi della psicologia. Attingendo in modo ordinato alle risorse della ricca tradizione cristiana e a quelle offerte dalle scienze umane del comportamento, il counselor pastorale &#x2013; presbitero, diacono, religioso/e e laico &#x2013; &#xE8; accompagnato in un cammino di apprendimento che gli consente di diventare efficace mediatore dell&#x2019;amore del Signore che cura, sostiene, riconcilia e guida, offrendo in maniera competente un aiuto a quanti sono vittime del mal-de-vivre nelle sue molteplici espressioni.</subfield>
  </datafield>
  <datafield tag="650" ind1=" " ind2=" ">
    <subfield code="a">consulenza-familiare</subfield>
    <subfield code="9">56183</subfield>
  </datafield>
  <datafield tag="654" ind1=" " ind2=" ">
    <subfield code="a">saggio</subfield>
  </datafield>
  <datafield tag="942" ind1=" " ind2=" ">
    <subfield code="2">ddc</subfield>
    <subfield code="c">BK</subfield>
  </datafield>
  <datafield tag="999" ind1=" " ind2=" ">
    <subfield code="c">358945</subfield>
    <subfield code="d">358945</subfield>
  </datafield>
  <datafield tag="952" ind1=" " ind2=" ">
    <subfield code="0">0</subfield>
    <subfield code="1">0</subfield>
    <subfield code="2">ddc</subfield>
    <subfield code="4">0</subfield>
    <subfield code="6">B_7605_000000000000000</subfield>
    <subfield code="7">1</subfield>
    <subfield code="a">CISF</subfield>
    <subfield code="b">CISF</subfield>
    <subfield code="d">2020-10-01</subfield>
    <subfield code="l">0</subfield>
    <subfield code="o">b7605</subfield>
    <subfield code="p">9788860994257</subfield>
    <subfield code="r">2020-10-01 00:00:00</subfield>
    <subfield code="w">2020-10-01</subfield>
    <subfield code="y">BK</subfield>
  </datafield>
</record>
